000 00501nam a22001937a 4500
003 MPLRDC
005 20220104124459.0
008 210129b ||||| |||| 00| 0 eng d
020 _a7-5017-1188-7
082 _a785.21 KZMG v.2
100 _a大森实
245 _a汽车大王福特
_c耿杰中等 译
250 _a一版一刷
260 _a
_b中国经济出版社
_c1991
300 _b
490 _a控制美国的十大财阀
650 _a美国传记
942 _cBK
_o785.21 KZMG v.2
999 _c19675
_d19665